Rafael Benitez' Everton - Statistics

General Stats
  • This quiz has been taken 7 times
  • The average score is 18 of 30
Answer Stats
Rank Player Position Nationality Matches Goals Assists % Correct
12 Alex Iwobi Left Winger 15 2 1
100%
7 Allan Defensive Midfield 17 0 2
100%
14 André Gomes Central Midfield 11 1 2
100%
4 Jordan Pickford Goalkeeper 18 0 0
100%
26 Moise Kean Centre-Forward 2 0 0
100%
11 Salomón Rondón Centre-Forward 15 1 0
100%
16 Yerry Mina Centre-Back 8 0 0
100%
22 Asmir Begovic Goalkeeper 4 0 0
86%
27 Cenk Tosun Centre-Forward 2 0 0
86%
20 Dominic Calvert-Lewin Centre-Forward 5 3 1
86%
10 Lucas Digne Left-Back 15 1 0
86%
1 Michael Keane Centre-Back 22 1 2
86%
13 Richarlison Centre-Forward 12 4 2
86%
9 Séamus Coleman Right-Back 16 0 1
86%
25 Vitaliy Mykolenko Left-Back 2 0 0
86%
8 Abdoulaye Doucouré Attacking Midfield 17 2 4
71%
6 Anthony Gordon Left Winger 18 2 2
57%
2 Demarai Gray Left Winger 21 6 2
57%
15 Mason Holgate Centre-Back 10 0 0
57%
17 Tom Davies Central Midfield 7 1 1
57%
24 Jarrad Branthwaite Centre-Back 2 1 0
43%
5 Ben Godfrey Centre-Back 18 0 0
29%
21 Jean-Philippe Gbamin Defensive Midfield 5 0 1
29%
18 Jonjoe Kenny Right-Back 6 0 2
29%
3 Andros Townsend Right Winger 19 6 3
14%
29 Ellis Simms Centre-Forward 1 0 0
14%
19 Fabian Delph Central Midfield 6 0 0
0%
23 Lewis Dobbin Left Winger 4 0 0
0%
30 Niels Nkounkou Left-Back 1 0 0
0%
28 Tyler Onyango Central Midfield 2 0 0
0%
No matching quizzes found
Score Distribution
Percent of People with Each Score
Percentile by Number Answered
Your Score History
You have not taken this quiz